| 000 | 00525nam a2200217Ia 4500 | ||
|---|---|---|---|
| 003 | 0100 | ||
| 008 | 130303s9999 xx 000 0 und d | ||
| 040 | _cARRUPELIB | ||
| 050 | _aHM291.B385 1971 | ||
| 100 | _aBell, Robert R | ||
| 245 | _aSocial deviance | ||
| 245 | _ba substantive analysis | ||
| 260 | _aHomewood | ||
| 260 | _bDorsey Press | ||
| 260 | _C1971 | ||
| 300 | _axi | ||
| 300 | _b 482 p. 24 cm | ||
| 440 | _aThe Dorsey series in anthropology and sociology | ||
| 700 | _aRobert R. Bell | ||
| 942 | 0 | 0 | _01 |
| 999 |
_c33064 _d33064 |
||